LEADER 03292nam 2200637 450 001 9910460155903321 005 20200520144314.0 010 $a1-4426-1928-7 024 7 $a10.3138/9781442619289 035 $a(CKB)3710000000371877 035 $a(EBL)3297476 035 $a(SSID)ssj0001514966 035 $a(PQKBManifestationID)12582682 035 $a(PQKBTitleCode)TC0001514966 035 $a(PQKBWorkID)11480394 035 $a(PQKB)10755711 035 $a(CEL)449664 035 $a(OCoLC)913977564 035 $a(CaBNVSL)thg00930657 035 $a(MiAaPQ)EBC3297476 035 $a(MiAaPQ)EBC4669795 035 $a(DE-B1597)465478 035 $a(OCoLC)952799383 035 $a(DE-B1597)9781442619289 035 $a(Au-PeEL)EBL4669795 035 $a(CaPaEBR)ebr11256317 035 $a(OCoLC)909477331 035 $a(EXLCZ)993710000000371877 100 $a20160913h20152015 uy 0 101 0 $aeng 135 $aur|n|---||||| 181 $ctxt 182 $cc 183 $acr 200 10$aPower and legitimacy $elaw, culture, and literature /$fAnne Que?ma 210 1$aToronto, [Ontario] ;$aBuffalo, New York ;$aLondon, [England] :$cUniversity of Toronto Press,$d2015. 210 4$d©2015 215 $a1 online resource (374 p.) 311 $a1-4426-4903-8 320 $aIncludes bibliographical references and index. 327 $tFrontmatter -- $tContents -- $tAcknowledgments -- $tIntroduction -- $tChapter One. Symbolic Power and Legitimacy -- $tChapter Two. Social Poiesis and Symbolic Power -- $tChapter Three. Law?s Symbolic Power to Legitimize -- $tChapter Four. Symbolic Violence and Illegitimacy: The Political Uncanny -- $tChapter Five. The Symbolic Power and Violence of Legal Utterances -- $tChapter Six. The Legitimacy of the Family: Family Law and Gothic Fiction -- $tChapter Seven. The Political Uncanny of the Family: Patricia Duncker?s The Deadly Space Between and the Civil Partnership Act 2004 -- $tChapter Nine. Resistance and Legitimacy -- $tChapter Ten. Making the Law -- $tNotes -- $tBibliography -- $tIndex 330 $aAn interdisciplinary analysis of the ways in which symbolic acts create social norms, Power and Legitimacy is an important contribution to the growing body of scholarship on law and literature. Drawing on the theoretical insights of Judith Butler and Pierre Bourdieu, Anne Quéma demonstrates the effect of symbolic violence on the creation of social and political legitimacy.Examining modern jurisprudence theory, statutory law, and the family within the modern Gothic novel, Quéma shows how the forms and effects of political power transform as one shifts from discourse to discourse. An impressive integration of the scholarship in these three fields, Power and Legitimacy is a thought-provoking analysis of the basis of power and the law. 606 $aLaw and literature 606 $aSociological jurisprudence 608 $aElectronic books. 615 0$aLaw and literature. 615 0$aSociological jurisprudence. 676 $a809/.933554 700 $aQue?ma$b Anne$f1960-$0967165 801 0$bMiAaPQ 801 1$bMiAaPQ 801 2$bMiAaPQ 906 $aBOOK 912 $a9910460155903321 996 $aPower and legitimacy$92195639 997 $aUNINA